| 000 | 01217nam a2200277 a 4500 | ||
|---|---|---|---|
| 999 |
_c455222 _d455222 |
||
| 003 | BLK | ||
| 005 | 20240826150034.0 | ||
| 008 | 210308b bu |||||r|||| 00| | bu d | ||
| 020 | _a9786191517404 | ||
| 040 | _aBLK | ||
| 041 |
_aBUL _cBUL |
||
| 080 |
_aБългарска литература _b821.163.2 _x-93-34 _z821.163.2-93-34 |
||
| 080 |
_aИздания за деца и юноши. Книжки-картинки. Читанки. Вж и 372.4 _b087.5 _z087.5 |
||
| 100 |
_9474128 _aАлександрова, Диана Александрова _eпърви автор |
||
| 139 |
_aАлександрова, Диана Александрова _bА 51 |
||
| 245 |
_aСладкото чудовище Лори _cДиана Александрова ; ил. Алисия Янг. |
||
| 260 |
_9209582 _aСофия _bСофтПрес _c2021 |
||
| 300 |
_a32 л. _bс цв. ил. _c22х22 см |
||
| 380 | _aDX | ||
| 500 | _aБиогр. данни за авт. отбелязани на гърба на кор. | ||
| 700 |
_9599 _aЯнг, Алисия _eил. |
||
| 852 |
_aЦб 312417 _bЦб |
||
| 942 |
_cKNG _n0 _s1 _014 |
||
| 944 |
_aCR _c2022-05-12 _k30537 _lГрета Цуфелде |
||
| 999 | _d455222 | ||